Influence of family on the development of social behavior among young adult students of College of Science and Education (Record no. 17157)
[ view plain ]
| 000 -LEADER | |
|---|---|
| fixed length control field | 04173nam a22003017i 4500 |
| 003 - CONTROL NUMBER IDENTIFIER | |
| control field | URS |
| 050 14 - LIBRARY OF CONGRESS CALL NUMBER | |
| Classification number | HQ 793 |
| Item number | In33 2018 |
| 005 - DATE AND TIME OF LATEST TRANSACTION | |
| control field | 20220117151224.0 |
| 008 - FIXED-LENGTH DATA ELEMENTS--GENERAL INFORMATION | |
| fixed length control field | 190308s2018 ph ||||| |||| 00| 0 eng d |
| 260 ## - PUBLICATION, DISTRIBUTION, ETC. | |
| Date of publication, distribution, etc. | 2018 |
| 245 00 - TITLE STATEMENT | |
| Title | Influence of family on the development of social behavior among young adult students of College of Science and Education |
| Statement of responsibility, etc. | Cristine Joy O. Caballero, Armida B. Clemente, Irish C. Reyes, Shiara G. Sumajit |
| 300 ## - PHYSICAL DESCRIPTION | |
| Extent | xvii, 73 leaves: |
| Other physical details | illustrations (some color) |
| Dimensions | 28 cm |
| 336 ## - CONTENT TYPE | |
| Source | rdacontent |
| Content type term | text |
| 336 ## - CONTENT TYPE | |
| Source | rdacontent |
| Content type term | still image |
| 337 ## - MEDIA TYPE | |
| Source | rdamedia |
| Media type term | unmediated |
| 338 ## - CARRIER TYPE | |
| Source | rdacarrier |
| Carrier type term | volume |
| 502 ## - DISSERTATION NOTE | |
| Dissertation note | Thesis |
| Degree type | Bachelor of Science in Psychology |
| Name of granting institution | University of Rizal System Tanay |
| Year degree granted | 2018 |
| 504 ## - BIBLIOGRAPHY, ETC. NOTE | |
| Bibliography, etc. note | Includes bibliographical references |
| 520 ## - SUMMARY, ETC. | |
| Summary, etc. | The study was conducted to the 4th year students of College of Science and Education from the University of Rizal System school year 2018-2019. It was focused on the Influence of the Family on the Development of Social Behavior among Young Adult Students. The researchers made use of descriptive survey method of research and questionnaire-checklist as tools in gathering data. Random sampling was used to identify the number of respondents. A total of 120 students from College of Science and Education from University of Rizal System, Tanay Main Campus were chosen to be the respondents of the study. Frequency, percentage distribution, and rank were the statistical tools used in the study. The salient findings of the study were as follows: Respondents are dominated in frequency by the 18-19 years old, they are mostly female; many are from BSE course with the frequency of 46, majority are Roman Catholic, first born, have 5, 000 below monthly income, and their parents belong to High School Graduate. Based on the findings the researchers came up with the following conclusion that: the Influence of the Family on the Development of Social Behavior was Much Influential among young adult students, and the results show that there is no significant difference on the variables of emotional management and involvement in school/class tasks in terms of sex, except for the sex profile which shows that male and female respondents differ significantly on the influence of their family in managing their emotions and involvement in school/class tasks. Most of personal characteristics have no bearing on the respondents' view of the influence of family on the development of their social behavior but sex has influence on their emotional management and involvement in school/class task. Based on the findings and conclusions, the researchers recommended that the families are encouraged to attend seminars on how to strengthen and boost parent-child relationship and that the family attends more seminars having an activity like teambuilding on how to improve their family's use of language, emotional management, involvement in school/class task and interpersonal communications. The University may conduct Family Programs such as: workshops for Parenting Adults. The College of Science and Education may conduct an event like a -Day for Young Adults‖ which provide or featuring an interactive workshops specifically for teens and young adults, where it helps them practice their new skills and interact peers while learning transition skills, sparking passions, and cultivating new relationship in a fun, social environment. Conduct further study on how well parents can approach and provide unique strategy for both male or female emotional management and involvement in other activities. For the school to come up programs especially in high school and elementary that will strengthen their communication with the family of their students in order to provide proper guidance. |
| 610 20 - SUBJECT ADDED ENTRY--CORPORATE NAME | |
| Corporate name or jurisdiction name as entry element | University of Rizal System |
| Subordinate unit | Tanay Campus |
| General subdivision | Undergraduates |
| 650 #0 - SUBJECT ADDED ENTRY--TOPICAL TERM | |
| Topical term or geographic name entry element | Young adults |
| General subdivision | Conduct of life |
| 700 1# - ADDED ENTRY--PERSONAL NAME | |
| Personal name | Habulan, Belinda Lourdes M. |
| Relator term | degree supervisor |
| 700 ## - ADDED ENTRY--PERSONAL NAME | |
| Personal name | Caballero, Cristine Joy O. |
| Relator term | author |
| 700 ## - ADDED ENTRY--PERSONAL NAME | |
| Personal name | Clemente, Armida B. |
| Relator term | author |
| 700 ## - ADDED ENTRY--PERSONAL NAME | |
| Personal name | Reyes, Irish C. |
| Relator term | author |
| 700 ## - ADDED ENTRY--PERSONAL NAME | |
| Personal name | Sumajit, Shiara G. |
| Relator term | author |
| 942 ## - ADDED ENTRY ELEMENTS (KOHA) | |
| Source of classification or shelving scheme | Library of Congress Classification |
| Koha item type | Theses and dissertations |
| Withdrawn status | Source of classification or shelving scheme | Damaged status | Not for loan | Home library | Current library | Shelving location | Date acquired | Total Checkouts | Full call number | Barcode | Date last seen | Date last checked out | Price effective from | Koha item type |
|---|---|---|---|---|---|---|---|---|---|---|---|---|---|---|
| Library of Congress Classification | Tanay College Library | Tanay College Library | Undergraduate Theses | 03/08/2019 | 1 | HQ 793 In33 2018 | URSTAN-UGT4304 | 07/06/2023 | 09/04/2019 | 03/08/2019 | Theses and dissertations |